00381nam a2200133Ia 4500003000400000005001700004008004100021040001800062041000800080100004400088110001000132245008500142260002000227OSt20230602105152.0211028s2012 xx 000 0 und d cAIMIT LIBRARY aeng aD'Souza, Reshma Jenifer; Ruban.e101930 aRuban aERP solution for ayurvedic medicine manufacturing unit: sales management system. aMangalorec2012